Bài tập vật lí đại cương

Wedi'i Gadw mewn:
Manylion Llyfryddiaeth
Prif Awdur: Đặng, Thi Mai
Awduron Eraill: Nguyễn, Phúc Thuần
Fformat: Llyfr
Iaith:Undetermined
Cyhoeddwyd: H. Giáo dục 2001
Pynciau:
Mynediad Ar-lein:http://lrc.tdmu.edu.vn/opac/search/detail.asp?aID=2&ID=6255
Tagiau: Ychwanegu Tag
Dim Tagiau, Byddwch y cyntaf i dagio'r cofnod hwn!
Thư viện lưu trữ: Trung tâm Học liệu Trường Đại học Thủ Dầu Một
LEADER 00631nam a2200205Ia 4500
001 TDMU_6255
008 210410s9999 xx 000 0 und d
082 |a 530.076 
090 |b Đ116 
100 |a Đặng, Thi Mai 
245 0 |a Bài tập vật lí đại cương 
245 0 |c Đặng Thị Mai 
260 |a H. 
260 |b Giáo dục 
260 |c 2001 
300 |a 363tr 
650 |a Sách đại học; Vật lí 
700 |a Nguyễn, Phúc Thuần 
856 |u http://lrc.tdmu.edu.vn/opac/search/detail.asp?aID=2&ID=6255 
980 |a Trung tâm Học liệu Trường Đại học Thủ Dầu Một